| 000 | 00683nam a22002297a 4500 | ||
|---|---|---|---|
| 005 | 20250716114053.0 | ||
| 010 | _aENG-146011 | ||
| 020 |
_a9789380831060 _c145.00 |
||
| 035 | _aEN-129543 | ||
| 037 | _bDBAD | ||
| 082 |
_a000 _21 |
||
| 100 |
_aPurushottamarao, S. _983024 |
||
| 245 |
_aReasoning-IV/ _cS Purushottamarao...[et al] |
||
| 250 | _a1 | ||
| 260 |
_aNew Delhi _bSpectrum Books _c2019 |
||
| 270 |
_aA1 291, First Floor, Janakpuri, _bNew Delhi _e110058 |
||
| 300 |
_a154p. _c24cm(pbk) |
||
| 700 |
_aSimhachalam, T. _eAuthor _983025 |
||
| 700 |
_aY. Ravi Kumar _eAuthor _983026 |
||
| 700 |
_aY. Appala Raju _eAuthor _983027 |
||
| 942 |
_2ddc _cEN _mPUR _h000 |
||
| 999 |
_c212390 _d212390 |
||